书目信息 |
| 题名: |
联想风云三十年
|
|
| 作者: | 赵雪 , 姜美芝 著 | |
| 分册: | ||
| 出版信息: | 广州 广东旅游出版社 2014 |
|
| 页数: | 286页 | |
| 开本: | 24cm | |
| 丛书名: | ||
| 单 册: | ||
| 中图分类: | F426.67 | |
| 科图分类: | ||
| 主题词: | 电子计算机工业--工业企业管理--经验--中国 | |
| 电子资源: | ||
| ISBN: | 978-7-80766-794-0 | |
| 000 | 00727nam0 2200229 450 | |
| 001 | 1679191749 | |
| 005 | 20141207011048.0 | |
| 010 | @a978-7-80766-794-0@dCNY49.00 | |
| 100 | @a20141207d2014 em y0chiy50 ea | |
| 101 | 0 | @achi |
| 102 | @aCN@b440000 | |
| 105 | @ay z 000yy | |
| 106 | @ar | |
| 200 | 1 | @a联想风云三十年@9lian xiang feng yun san shi nian@f赵雪,姜美芝著 |
| 210 | @a广州@c广东旅游出版社@d2014 | |
| 215 | @a286页@d24cm | |
| 330 | @a通过透视以联想为代表的中国式企业三十年兴衰历史,总结了联想发展过程中所经历的经验和教训。 | |
| 606 | 0 | @a电子计算机工业@x工业企业管理@x经验@y中国 |
| 690 | @aF426.67@v5 | |
| 701 | 0 | @a赵雪@9zhao xue@c(女)@4著 |
| 701 | 0 | @a姜美芝@9jiang mei zhi@4著 |
| 905 | @aBZT@dF426.67@e14 | |
| 联想风云三十年/赵雪,姜美芝著.-广州:广东旅游出版社,2014 |
| 286页;24cm |
| ISBN 978-7-80766-794-0:CNY49.00 |
| 通过透视以联想为代表的中国式企业三十年兴衰历史,总结了联想发展过程中所经历的经验和教训。 |
| ● |
| 相关链接 |
|
|
|
正题名:联想风云三十年
索取号:F426.67/14
 
预约/预借
| 序号 | 登录号 | 条形码 | 馆藏地/架位号 | 状态 | 备注 |
| 1 | 814383 | 2000814383 | 第二书库/ [索取号:F426.67/14] | 在馆 | |
| 2 | 814384 | 2000814384 | 第二书库/ [索取号:F426.67/14] | 在馆 | |
| 3 | 814385 | 2000814385 | 第二书库/ [索取号:F426.67/14] | 在馆 |